Govt. of
Madhya Pradesh

On An Indian Border (Record no. 36086)

MARC details
000 -LEADER
fixed length control field 002920000a22001330004500
003 - CONTROL NUMBER IDENTIFIER
control field MACL
040 ## - CATALOGING SOURCE
Original cataloging agency MACL
090 ## - LOCALLY ASSIGNED LC-TYPE CALL NUMBER (OCLC); LOCAL CALL NUMBER (RLIN)
-- 36481
-- 36479
100 ## - MAIN ENTRY--PERSONAL NAME
Personal name Chopra, Pran
245 ## - TITLE STATEMENT
Title On An Indian Border
260 ## - PUBLICATION, DISTRIBUTION, ETC. (IMPRINT)
Name of publisher, distributor, etc. Asia Publishing House
Date of publication, distribution, etc. 1964
650 ## - SUBJECT ADDED ENTRY--TOPICAL TERM
Topical term or geographic name as entry element Indian History
942 ## - ADDED ENTRY ELEMENTS (KOHA)
Koha item type Library Membar
Call number prefix 954/CHO
Holdings
Withdrawn status Lost status Source of classification or shelving scheme Damaged status Not for loan Home library Current library Date acquired Total Checkouts Full call number Barcode Date last seen Uniform Resource Identifier Price effective from Koha item type
          MACL MACL 15/04/2015   954/CHO BOOK CLE015399 29/04/2015 36295 15/04/2015 Books